| 000 | 00476nam a2200181Ia 4500 | ||
|---|---|---|---|
| 003 | GCL | ||
| 008 | 140319s9999 xx 000 0 aRus d | ||
| 040 |
_aGCL / _cGCL |
||
| 082 | 0 | 4 |
_a861 _bP A |
| 100 | 1 | _aPESSOA, FERNANDO | |
| 245 | 1 | 0 |
_aANTOLOGIA DE ALVARO DE CAMPOS / _cPESSOA, FERNANDO |
| 260 |
_a[S.N] : _bALIANZA EDITORIAL ، _c1987 |
||
| 300 | _a220 P | ||
| 650 | 0 | 4 | _aSPANISH LITERATURE |
| 650 | 0 | 4 | _aSPANISH POETRY |
| 650 | 0 | 4 | _aSPANISH FICTION |
| 942 |
_2ddc _cBK |
||
| 999 |
_c11197 _d11197 |
||